000
00207nam a2200097Ia 4500
008
240331s9999 xx 000 0 und d
082
_b
JOS
100
_a
Joseph,S
245
0
_a
Interrogating culture
942
_c
L
999
_c
2637
_d
2637